| 000 | 00826nam a2200205 i 4500 | ||
|---|---|---|---|
| 001 | 114517 | ||
| 003 | ES-MaACL | ||
| 005 | 20230906190157.0 | ||
| 007 | t| | ||
| 008 | 070307s1968 sp ||||1| spa d | ||
| 080 | _a621.396.7(649.2) | ||
| 100 | 1 |
_aPérez Valiente, Salvador. _991194 |
|
| 245 | 1 | 0 |
_aCope, Radio Ecca / _cemisora cultural popular de Gran Canaria $c [dirección : Salvador Pérez Valiente... ; dibujos... Diego Gómez ; colaborador, José Rubén González]. |
| 260 |
_aMadrid : _bDirección General de Radiodifusión y Televisión Española, _c[1968] |
||
| 300 |
_a36 h. : _bil. ; _c22 cm apais. |
||
| 700 | 1 |
_aGómez, Diego. _957754 |
|
| 700 | 1 |
_aRubén González, José. _9100288 |
|
| 710 | 1 |
_aEspaña. _bDirección General de Radiodifusión y Televisión. _93781 |
|
| 852 |
_aES-MaACL _jC-46953 _bR.65686 |
||
| 999 |
_c114517 _d114517 |
||